Decisiones financieras y costo del dinero en economías inflacionarias : (Registro nro. 6125)
[ vista simple ]
| 000 -LEADER | |
|---|---|
| fixed length control field | 01467nam a2200289Ia 4500 |
| 003 - CONTROL NUMBER IDENTIFIER | |
| control field | OSt |
| 005 - DATE AND TIME OF LATEST TRANSACTION | |
| control field | 20201117165554.0 |
| 008 - FIXED-LENGTH DATA ELEMENTS--GENERAL INFORMATION | |
| fixed length control field | 191128s1985 ck a gr 000 0 spa d |
| 020 ## - INTERNATIONAL STANDARD BOOK NUMBER | |
| International Standard Book Number | 9580400059 |
| 040 ## - CATALOGING SOURCE | |
| Original cataloging agency | CO-JMCR |
| Transcribing agency | CO-JMCR |
| 041 0# - LANGUAGE CODE | |
| Language code of text/sound track or separate title | spa |
| 082 04 - DEWEY DECIMAL CLASSIFICATION NUMBER | |
| Classification number | 658.4033 / |
| Item number | G873d |
| Edition number | 23 |
| 100 1# - MAIN ENTRY--PERSONAL NAME | |
| Personal name | Gutiérrez Marulanda, Luis Fernando, |
| Relator term | autor |
| 9 (RLIN) | 12353 |
| 245 10 - TITLE STATEMENT | |
| Title | Decisiones financieras y costo del dinero en economías inflacionarias : |
| Remainder of title | aplicación de las calculadoras financieras como herramienta de análisis / |
| Statement of responsibility, etc. | Luis Fernando Gutiérrez Marulanda ; editora, María del Mar Ravassa Garcés |
| 260 ## - PUBLICATION, DISTRIBUTION, ETC. | |
| Place of publication, distribution, etc. | Bogotá : |
| Name of publisher, distributor, etc. | Norma, |
| Date of publication, distribution, etc. | 1985 |
| 300 ## - PHYSICAL DESCRIPTION | |
| Extent | xii, 344 páginas : |
| Other physical details | gráficos a blanco y negro ; |
| Dimensions | 17 cm. |
| 500 ## - GENERAL NOTE | |
| General note | Incluye índice alfabético. Incluye glosario. |
| 505 0# - FORMATTED CONTENTS NOTE | |
| Formatted contents note | La evaluación tradicional de proyectos -- El costo del dinero -- Proyección de empresas en economías inflacionarias. Efecto de la devaluación |
| 520 0# - SUMMARY, ETC. | |
| Summary, etc. | Esta obra es la transferencia didáctica de una vasta experiencia en el campo práctico de la administración financiera, escrita por quien ha tenido la suerte de combinar su actividad profesional con la docencia. |
| 650 24 - SUBJECT ADDED ENTRY--TOPICAL TERM | |
| Topical term or geographic name entry element | Administración financiera |
| 9 (RLIN) | 5902 |
| 650 24 - SUBJECT ADDED ENTRY--TOPICAL TERM | |
| Topical term or geographic name entry element | Incertidumbre |
| 9 (RLIN) | 12346 |
| 650 24 - SUBJECT ADDED ENTRY--TOPICAL TERM | |
| Topical term or geographic name entry element | Toma de decisiones |
| 9 (RLIN) | 283 |
| 650 24 - SUBJECT ADDED ENTRY--TOPICAL TERM | |
| Topical term or geographic name entry element | Evaluación de proyectos |
| 9 (RLIN) | 2814 |
| 650 24 - SUBJECT ADDED ENTRY--TOPICAL TERM | |
| Topical term or geographic name entry element | Matemáticas financieras |
| 9 (RLIN) | 10647 |
| 700 1# - ADDED ENTRY--PERSONAL NAME | |
| Personal name | Ravassa Garcés, María del Mar, |
| Relator term | editora |
| 9 (RLIN) | 12354 |
| 942 ## - ADDED ENTRY ELEMENTS (KOHA) | |
| Source of classification or shelving scheme | Dewey Decimal Classification |
| Koha item type | Books |
| Withdrawn status | Lost status | Source of classification or shelving scheme | Materials specified (bound volume or other part) | Damaged status | Not for loan | Home library | Current library | Shelving location | Date acquired | Source of acquisition | Coded location qualifier | Total Checkouts | Full call number | Barcode | Date last seen | Date last checked out | Copy number | Price effective from | Koha item type |
|---|---|---|---|---|---|---|---|---|---|---|---|---|---|---|---|---|---|---|---|
| Dewey Decimal Classification | Donación--15/04/2018-- | Biblioteca Pública José María del Castillo y Rada | Biblioteca Pública José María del Castillo y Rada | General Stacks | 11/28/2019 | Donación | $0. | 2 | 658.4033 / G873d | 430012061 | 09/19/2024 | 09/18/2024 | Ej.1 | 11/28/2019 | Books |